Η ποιότητα στη διδασκαλία, στη μάθηση και στη διοίκηση

Αποθηκεύτηκε σε:
Λεπτομέρειες βιβλιογραφικής εγγραφής
Κύριος συγγραφέας: Ζαβλανός, Μύρων Μ.
Μορφή: Βιβλίο
Γλώσσα:Greek
Δημοσίευση: Αθήνα : Αθ. Σταμούλης, 2017.
Θέματα:
Ετικέτες: Προσθήκη ετικέτας
Δεν υπάρχουν, Καταχωρήστε ετικέτα πρώτοι!

MARC

LEADER 00000nam a2200000 a 4500
001 1/115698
008 180123s2017####gr | ||| |||| ||gre||
020 |a 9789606180040 
040 |a GR-MyUa  |b gre  |c GR-MyUa  |e AACR2 
041 0 |a gre 
082 7 |a 370.7   |2 (23) 
100 1 |a Ζαβλανός, Μύρων Μ. 
245 1 2 |a Η ποιότητα στη διδασκαλία, στη μάθηση και στη διοίκηση /   |c Μύρων Μ. Ζαβλανός.  
260 |a Αθήνα :   |b Αθ. Σταμούλης,   |c 2017.  
300 |a 410 σ. :   |b ασπρόμ. εικ. ;   |c 24 εκ.  
500 |a Περιέχει παράρτημα.  
504 |a Περιλαμβάνει βιβλιογραφίες.  
650 0 |a Education, Greek  |z Greece. 
650 0 |a Teachers  |x Education  |z Greece. 
650 0 |a Teachers  |x Training of  |z Greece. 
650 0 |a Education  |x Aims and objectives  |z Greece. 
650 0 |a Effective teaching. 
650 0 |a Education  |x Study and teaching  |z Greece. 
852 |a INST  |b RHODES  |c EUDOXUS  |e 20180123  |h 370.7 ZAB  |p 005400039797  |q 005400039797  |t EDX  |y 0 
920 |a Εύδοξος  |b Παραγγελία  |y Ρόδος-ΠΤΔΕ  |z 2018-01 
970 |z 23-01-2018